| 000 | 00819cam a22001934a 4500 | ||
|---|---|---|---|
| 005 | 20250605163932.0 | ||
| 008 | 250528s ||||||||||||||||||||||||d | ||
| 035 | _a14741 | ||
| 020 | _a140205225 | ||
| 040 |
_aGR-AtMCL _bgre _dGR-AtMCL _eAACR2 |
||
| 245 | 1 | _aFreud and the Post-Freudians | |
| 260 |
_bPenguin Books, _c1983 |
||
| 300 | _a230 | ||
| 520 | _aFreud revolutionized the way we look at ourselves. Basics Concepts of Psychoanalysis, The Theories of Freud: A General Survey, The Early Schismatics, The British Schools, The Psychosomatic Approach, Psychoanalysis and Society, The Theories of Karen Horney, The Theories of Erich Fromm, Harry Stack Sullivan and Others, Assessments and Applications, Bibliography, Index. | ||
| 700 | 1 |
_aBrown J.A.C _9495 |
|
| 942 | _cBK | ||
| 999 |
_c361 _d361 |
||